书目信息 |
| 题名: |
钳工实用技术
|
|
| 作者: | 陈宏钧 编 | |
| 分册: | ||
| 出版信息: | 北京 机械工业出版社 2007.05 |
|
| 页数: | 393页 | |
| 开本: | 24cm | |
| 丛书名: | ||
| 单 册: | ||
| 中图分类: | TG9 | |
| 科图分类: | ||
| 主题词: | 钳工--qian gong--基本知识 | |
| 电子资源: | ||
| ISBN: | 978-7-111-09672-6 | |
| 000 | 00812nam0 2200241 450 | |
| 001 | 012008543672 | |
| 005 | 20080114102629.39 | |
| 010 | @a978-7-111-09672-6@dCNY36.00 | |
| 100 | @a20080114d2007 em y0chi0120 ea | |
| 101 | 0 | @achi |
| 102 | @aCN@b110000 | |
| 105 | @aa z 000yy | |
| 106 | @ar | |
| 200 | 1 | @a钳工实用技术@Aqian gong shi yong ji shu@f陈宏钧编@Fchen hong jun bian |
| 205 | @a第2版 | |
| 210 | @a北京@c机械工业出版社@d2007.05 | |
| 215 | @a393页@c图@d24cm | |
| 330 | @a本书介绍了划线、锯削、锉削、刮削、研磨、珩磨、矫正和弯形、典型机构的装配与调整、钻削、铰削、攻螺纹与套螺纹、常用量具和工具等钳工的基础知识和基本操作技能。 | |
| 606 | 0 | @a钳工@Aqian gong@x基本知识 |
| 690 | @aTG9@v4 | |
| 701 | 0 | @a陈宏钧@Achen hong jun@4编 |
| 801 | 0 | @aCN@bQSSK@c20080114 |
| 905 | @b278272-73@dTG9@eC442@f2 | |
| 钳工实用技术/陈宏钧编.-第2版.-北京:机械工业出版社,2007.05 |
| 393页:图;24cm |
| ISBN 978-7-111-09672-6:CNY36.00 |
| 本书介绍了划线、锯削、锉削、刮削、研磨、珩磨、矫正和弯形、典型机构的装配与调整、钻削、铰削、攻螺纹与套螺纹、常用量具和工具等钳工的基础知识和基本操作技能。 |
| ● |
| 相关链接 |
|
|
|
正题名:钳工实用技术
索取号:TG9/C442
 
预约/预借
| 序号 | 登录号 | 条形码 | 馆藏地/架位号 | 状态 | 备注 |
| 1 | 278272 | 202782729 | 自科库501/501自科库 30排2列2层/ [索取号:TG9/C442] | 在馆 | |
| 2 | 278273 | 202782738 | 自科库501/501自科库 30排2列2层/ [索取号:TG9/C442] | 在馆 |